00583cam a22001931 45000010005000000030008000050050017000130080039000300350018000690400036000870410008001230820021001312450069001522600031002213000037002525040041002896500027003307000032003578647BD-RjUL20211208234627.0140119s1964 nyua b 001 0 eng a(BD-RjUL)8692 aDLC/ICUcICUdDLCdBD-RjULbeng aeng00a530.13bSTA 196410aStatistical mechanics and dynamics /cHenry Eyring [and others]. aNew York :bWiley,cc1964. axiii, 508 p. :billus. ;c23 cm. aBibliographical footnotes and index. 0aStatistical mechanics. aEyring, Henry, [...et all].